<?xml version="1.0" encoding="UTF-8"?>
<collection xmlns="http://www.loc.gov/MARC21/slim">
 <record>
  <leader>01844nam a22002898a 4500</leader>
  <controlfield tag="001">00017054</controlfield>
  <controlfield tag="005">20171026081022.0</controlfield>
  <controlfield tag="008">110415s2009                  ||||||Viesd</controlfield>
  <datafield tag="020" ind1=" " ind2=" ">
   <subfield code="c">40000</subfield>
  </datafield>
  <datafield tag="041" ind1="0" ind2="#">
   <subfield code="a">Vie</subfield>
  </datafield>
  <datafield tag="082" ind1="1" ind2="4">
   <subfield code="a">513.2</subfield>
   <subfield code="b">CH527Đ</subfield>
  </datafield>
  <datafield tag="100" ind1="0" ind2="#">
   <subfield code="a">Võ Thanh Văn</subfield>
   <subfield code="e">chủ biên</subfield>
  </datafield>
  <datafield tag="245" ind1="0" ind2="0">
   <subfield code="a">Chuyên đề ứng dụng hàm số lũy thừa, hàm số mũ và hàm số lôgrit trong giải toán trung học phổ thông</subfield>
   <subfield code="c">Võ Thanh Văn ( chủ biên ); Lê Hiển Dương, Nguyễn Ngọc Giang</subfield>
  </datafield>
  <datafield tag="260" ind1="#" ind2="#">
   <subfield code="a">H.</subfield>
   <subfield code="b">Đại học sư phạm</subfield>
   <subfield code="c">2009</subfield>
  </datafield>
  <datafield tag="300" ind1="#" ind2="#">
   <subfield code="a">230 tr.</subfield>
   <subfield code="c">24 cm.</subfield>
  </datafield>
  <datafield tag="653" ind1="#" ind2="#">
   <subfield code="a">Hàm số lũy thừa</subfield>
  </datafield>
  <datafield tag="653" ind1="#" ind2="#">
   <subfield code="a">Lôgarit</subfield>
  </datafield>
  <datafield tag="653" ind1="#" ind2="#">
   <subfield code="a">Số mũ</subfield>
  </datafield>
  <datafield tag="653" ind1="#" ind2="#">
   <subfield code="a">Số học</subfield>
  </datafield>
  <datafield tag="700" ind1="0" ind2="#">
   <subfield code="a">Lê Hiển Dương</subfield>
   <subfield code="e">đồng tác giả</subfield>
  </datafield>
  <datafield tag="700" ind1="0" ind2="#">
   <subfield code="a">Nguyễn Ngọc Giang</subfield>
   <subfield code="e">đồng tác giả</subfield>
  </datafield>
  <datafield tag="852" ind1="#" ind2="#">
   <subfield code="b">Kho giáo trình</subfield>
   <subfield code="j">KGT.0003450, KGT.0003451, KGT.0003452, KGT.0003453, KGT.0003454, KGT.0003455, KGT.0003456, KGT.0003457, KGT.0003458, KGT.0003459, KGT.0003460, KGT.0003461, KGT.0003462, KGT.0003463, KGT.0003464, KGT.0003465, KGT.0003466, KGT.0003467, KGT.0003468</subfield>
  </datafield>
  <datafield tag="852" ind1="#" ind2="#">
   <subfield code="b">Kho mượn</subfield>
   <subfield code="j">KGT.0003450, KGT.0052216, KGT.0052217, KGT.0052218, KGT.0052219, KGT.0052220, KGT.0052221, KGT.0052222, KGT.0052223, KGT.0052224</subfield>
  </datafield>
  <datafield tag="852" ind1="#" ind2="#">
   <subfield code="j">KD.0002458</subfield>
   <subfield code="j">KGT.0003451</subfield>
   <subfield code="j">KGT.0003452</subfield>
   <subfield code="j">KGT.0003454</subfield>
   <subfield code="j">KGT.0003455</subfield>
   <subfield code="j">KGT.0003457</subfield>
   <subfield code="j">KGT.0003458</subfield>
   <subfield code="j">KGT.0003460</subfield>
   <subfield code="j">KGT.0003461</subfield>
   <subfield code="j">KGT.0003463</subfield>
   <subfield code="j">KGT.0003465</subfield>
   <subfield code="j">KGT.0003466</subfield>
   <subfield code="j">KGT.0003468</subfield>
   <subfield code="j">KGT.0052216</subfield>
   <subfield code="j">KGT.0052217</subfield>
   <subfield code="j">KGT.0052219</subfield>
   <subfield code="j">KGT.0052221</subfield>
   <subfield code="j">KGT.0052222</subfield>
   <subfield code="j">KGT.0052224</subfield>
   <subfield code="j">KGT.0003450</subfield>
   <subfield code="j">KGT.0003453</subfield>
   <subfield code="j">KGT.0003456</subfield>
   <subfield code="j">KGT.0003459</subfield>
   <subfield code="j">KGT.0003462</subfield>
   <subfield code="j">KGT.0003464</subfield>
   <subfield code="j">KGT.0003467</subfield>
   <subfield code="j">KGT.0052218</subfield>
   <subfield code="j">KGT.0052220</subfield>
   <subfield code="j">KGT.0052223</subfield>
  </datafield>
  <datafield tag="852" ind1="#" ind2="#">
   <subfield code="b">Kho đọc</subfield>
   <subfield code="j">KD.0002458</subfield>
  </datafield>
  <datafield tag="910" ind1=" " ind2=" ">
   <subfield code="d">15/04/2011</subfield>
  </datafield>
  <datafield tag="980" ind1="#" ind2="#">
   <subfield code="a">Trung tâm Học liệu Lê Vũ Hùng, Trường Đại học Đồng Tháp</subfield>
  </datafield>
 </record>
</collection>
